Quaid-i-Azam Jinnah as magistrate / (Record no. 587166)

000 -LEADER
fixed length control field 00806cam a2200277 a 4500
001 - CONTROL NUMBER
control field 3821967
003 - CONTROL NUMBER IDENTIFIER
control field NUST
005 - DATE AND TIME OF LATEST TRANSACTION
control field 20211207123515.0
008 - FIXED-LENGTH DATA ELEMENTS--GENERAL INFORMATION
fixed length control field 860731s1984 pk c 000 0 eng
010 ## - LIBRARY OF CONGRESS CONTROL NUMBER
LC control number 85931220
020 ## - INTERNATIONAL STANDARD BOOK NUMBER
Terms of availability Rs60.00
038 ## - RECORD CONTENT LICENSOR
Staff Name waseem
040 ## - CATALOGING SOURCE
Original cataloging agency DLC
Transcribing agency DLC
Modifying agency DLC
043 ## - GEOGRAPHIC AREA CODE
Geographic area code a-ii---
050 00 - LIBRARY OF CONGRESS CALL NUMBER
Classification number LAW
082 00 - DEWEY DECIMAL CLASSIFICATION NUMBER
Classification number 345.4
Author Mark AHM
245 00 - TITLE STATEMENT
Title Quaid-i-Azam Jinnah as magistrate /
Statement of responsibility, etc. [compiled by] Riaz Ahmad.
260 ## - PUBLICATION, DISTRIBUTION, ETC.
Place of publication, distribution, etc. Rawalpindi, Pakistan :
Name of publisher, distributor, etc. Alvi Publishers,
Date of publication, distribution, etc. c1984.
300 ## - PHYSICAL DESCRIPTION
Extent 147 p. :
Other physical details port. ;
Dimensions 23 cm.
563 ## - BINDING INFORMATION
Binding note PBK.
600 10 - SUBJECT ADDED ENTRY--PERSONAL NAME
Personal name Jinnah, Mahomed Ali,
Dates associated with a name 1876-1948.
9 (RLIN) 85903
650 #0 - SUBJECT ADDED ENTRY--TOPICAL TERM
Topical term or geographic name entry element Law reports, digests, etc.
Geographic subdivision India
-- Bombay (State)
9 (RLIN) 85901
700 1# - ADDED ENTRY--PERSONAL NAME
Personal name Ahmad, Riaz.
9 (RLIN) 85904
906 ## - LOCAL DATA ELEMENT F, LDF (RLIN)
a 7
b cbc
c orignew
d 3
e ncip
f 19
g y-gencatlg
942 ## - ADDED ENTRY ELEMENTS (KOHA)
Source of classification or shelving scheme
Koha item type Book
Holdings
Withdrawn status Lost status Source of classification or shelving scheme Damaged status Not for loan Permanent Location Current Location Shelving location Date acquired Source of acquisition Total Checkouts Total Renewals Full call number Barcode Date last seen Date last checked out Price effective from Koha item type Checked out
          NUST Law School (NLS) NUST Law School (NLS) Law 12/07/2021 Federal Law House 2 1 345.4 AHM CL-735 12/02/2025 07/20/2024 12/07/2021 Book  
          NUST Law School (NLS) NUST Law School (NLS)   03/03/2025       345.4 AHM NLS-619 03/03/2025   03/03/2025 Book  
          NUST Law School (NLS) NUST Law School (NLS)   03/03/2025       345.4 AHM NLS-620 03/03/2025   03/03/2025 Book  
          NUST Law School (NLS) NUST Law School (NLS)   03/03/2025       345.4 AHM NLS-621 03/03/2025   03/03/2025 Book  
          NUST Law School (NLS) NUST Law School (NLS)   03/03/2025   1   345.4 AHM NLS-622 02/17/2026 02/17/2026 03/03/2025 Book 03/19/2026
          NUST Law School (NLS) NUST Law School (NLS)   06/28/2025       345.4 AHM NLS-2648 06/28/2025   06/28/2025 Book  
          NUST Law School (NLS) NUST Law School (NLS)   06/28/2025   1   345.4 AHM NLS-2649 03/03/2026 03/03/2026 06/28/2025 Book 04/02/2026
          NUST Law School (NLS) NUST Law School (NLS)   06/28/2025       345.4 AHM NLS-2650 06/28/2025   06/28/2025 Book  
          NUST Law School (NLS) NUST Law School (NLS)   06/28/2025       345.4 AHM NLS-2651 06/28/2025   06/28/2025 Book  
© 2023 Central Library, National University of Sciences and Technology. All Rights Reserved.